| 000 | 00592nam a2200241 a 4500 | ||
|---|---|---|---|
| 001 | nice12345678 | ||
| 003 | IN_TiNIC | ||
| 005 | 20260116012120.0 | ||
| 008 | 050524s0000 lona grp 000 0 eng | ||
| 020 |
_a _c100 |
||
| 082 | 0 | 0 |
_a291.172 _bDAL |
| 100 | _aDale, R W | ||
| 245 | _aJewish Temple and the Christian Church | ||
| 260 |
_aLondon _bHodder & Stoughton _c0000 |
||
| 300 | _a314p | ||
| 500 | _aincludes index and biblioraphy | ||
| 505 | 2 | _aNotes | |
| 650 | _aComparative Religion-Christianity | ||
| 700 | 1 | _aDale, R W | |
| 902 | _bSRS | ||
| 942 | _cBK | ||
| 999 |
_c5703 _d5703 |
||